<?xml version="1.0" encoding="UTF-8"?>
<record
    xmlns:xsi="http://www.w3.org/2001/XMLSchema-instance"
    xsi:schemaLocation="http://www.loc.gov/MARC21/slim http://www.loc.gov/standards/marcxml/schema/MARC21slim.xsd"
    xmlns="http://www.loc.gov/MARC21/slim">

  <leader>01436nam a22002055i 4500</leader>
  <controlfield tag="001">156065</controlfield>
  <controlfield tag="003">ES-MaACL</controlfield>
  <controlfield tag="005">20230906210316.0</controlfield>
  <controlfield tag="008">000911s1888    sp ag        |||| | spa d</controlfield>
  <datafield tag="040" ind1=" " ind2=" ">
    <subfield code="a">CCPB | B </subfield>
    <subfield code="b">spa </subfield>
    <subfield code="c">CCPB | B</subfield>
  </datafield>
  <datafield tag="100" ind1="1" ind2=" ">
    <subfield code="a">Inzenga, Jos&#xE9; (</subfield>
    <subfield code="d">1828-1891)</subfield>
    <subfield code="9">128190</subfield>
  </datafield>
  <datafield tag="245" ind1="1" ind2="0">
    <subfield code="a">Cantos y bailes populares de Espa&#xF1;a / </subfield>
    <subfield code="c">por J. Inzenga.</subfield>
  </datafield>
  <datafield tag="260" ind1=" " ind2=" ">
    <subfield code="a">Madrid : </subfield>
    <subfield code="b">A. Romero, </subfield>
    <subfield code="c">1888 (</subfield>
    <subfield code="f">imprenta de Jos&#xE9; M. Ducazcal)</subfield>
  </datafield>
  <datafield tag="300" ind1=" " ind2=" ">
    <subfield code="a">XXII, 84 , 10, p. 45 p. de partituras. ; </subfield>
    <subfield code="c">29 cm.</subfield>
  </datafield>
  <datafield tag="505" ind1="8" ind2=" ">
    <subfield code="a">Contiene: Cantos y bailes de Valencia. Cantos y bailes de Murcia</subfield>
  </datafield>
  <datafield tag="597" ind1=" " ind2=" ">
    <subfield code="a">M&#xFA;sica impresa.</subfield>
  </datafield>
  <datafield tag="650" ind1=" " ind2="4">
    <subfield code="a">Canciones populares-</subfield>
    <subfield code="z">Espa&#xF1;a.</subfield>
    <subfield code="9">10733</subfield>
  </datafield>
  <datafield tag="650" ind1=" " ind2="4">
    <subfield code="a">Bailes populares-</subfield>
    <subfield code="z">Espa&#xF1;a.</subfield>
    <subfield code="9">162649</subfield>
  </datafield>
  <datafield tag="852" ind1=" " ind2=" ">
    <subfield code="a">ES-MaACL</subfield>
    <subfield code="j">T-1238-F-4 </subfield>
    <subfield code="z">-- Enc. hol., conservando la cub. original </subfield>
    <subfield code="z">-- De la parte de Murcia las pp. 13-16 de partituras mal enc., delante del texto.</subfield>
    <subfield code="x">-- Edic.: en este ejemp. la parte correspondiente a Valencia tiene 84 p., de las cuales, de la p. 27-50, son partituras, precedidas por una portadilla grab. calc.: "F. Echevarria" -- Adem&#xE1;s hay 45 p., correspondientes a Murcia, de las cuales de la 13-45 son partituras, precedidas tambi&#xE9;n por una portadilla grab. calc.: F. Echevarr&#xED;a. Esta segunda parte, por lo visto en los cat&#xE1;logos del CSIC y en REBIUM, deber&#xED;a tener 80 p. y probablemente tambi&#xE9;n abarcar&#xED;a Galicia. Seg&#xFA;n Palau, restos de esta ed. se reeditaron en el S. XX con una cub. nueva.</subfield>
  </datafield>
  <datafield tag="999" ind1=" " ind2=" ">
    <subfield code="c">156065</subfield>
    <subfield code="d">156065</subfield>
  </datafield>
  <datafield tag="952" ind1=" " ind2=" ">
    <subfield code="0">0</subfield>
    <subfield code="1">0</subfield>
    <subfield code="4">0</subfield>
    <subfield code="7">0</subfield>
    <subfield code="8">Colecci&#xF3;n_de_folletos</subfield>
    <subfield code="a">ATENEOM</subfield>
    <subfield code="b">ATENEOM</subfield>
    <subfield code="c">DEPOF</subfield>
    <subfield code="d">2008-01-17</subfield>
    <subfield code="l">0</subfield>
    <subfield code="o">T-1238-F-4</subfield>
    <subfield code="p">1163272</subfield>
    <subfield code="r">2023-02-23 00:00:00</subfield>
    <subfield code="w">2023-02-23</subfield>
    <subfield code="y">FOLLETOS</subfield>
  </datafield>
</record>
